| 000 | 01392cam a22003615a 4500 | ||
|---|---|---|---|
| 999 |
_c27301 _d27272 |
||
| 001 | 12113461 | ||
| 003 | EG-ScBUE | ||
| 005 | 20210308105243.0 | ||
| 008 | 000720t2001 nyu f b 000 0 eng d | ||
| 020 | _a0393976386 (pbk.) | ||
| 020 | _a9780393976380 | ||
| 040 |
_aDLC _beng _erda _cDLC _dDLC _dEG-ScBUE |
||
| 082 | 0 | 4 |
_a822.3 _bBEN _222 |
| 240 | 1 | 0 |
_aWorks. _kSelections. _f2001 |
| 245 | 0 | 0 |
_aBen Jonson's plays and masques : _bauthoritative texts of Volpone, Epicoene, The alchemist, The masque of blackness, Mercury vindicated from the alchemists at court, Pleasure reconciled to virtue : contexts, backgrounds and sources, criticism / _cedited by Richard Harp, University of Nevada, Las Vegas. |
| 250 | _aSecond edition. | ||
| 264 |
_aNew York ; _aLondon : _bNorton and Company, _c[2001] |
||
| 264 | 4 | _cc2001 | |
| 300 |
_axix, 513 pages ; _c22 cm. |
||
| 336 |
_2rdacontent _atext _btxt |
||
| 337 |
_2rdamedia _aunmediated _bn |
||
| 338 |
_2rdacarrier _avolume _bnc |
||
| 490 | 0 | _aNorton critical edition | |
| 500 | _a"First edition edited by Robert M. Adams." | ||
| 504 | _aIncludes bibliographical references. | ||
| 600 | 1 | 7 |
_aJonson, Ben, _d1573?-1637 _xDramatic works. _2BUEsh |
| 650 | 7 |
_aMasques _xHistory and criticism. _2BUEsh |
|
| 651 | _2BUEsh | ||
| 653 |
_bHHUUEENN _cMarch2019 |
||
| 655 |
_vReading book _934232 |
||
| 700 | 1 |
_aHarp, Richard, _eeditor. |
|
| 942 |
_2ddc _cBB |
||